[Event "AUTO-OPEN-2929"]
[Site "http://www.queenalice.com/game.php?id=1156310"]
[Date "2013.2.28"]
[Round "1"]
[White "Ridigroll"]
[Black "bienopia"]
[Result "0-1"]
[WhiteElo "2023"]
[BlackElo "1739"]

1. d4 h6 2. e4 a6 3. Nf3 e6 4. Bd3 d5 5. e5 Nc6 6. O-O Bd7 7. c3 Qe7 8. Nbd2 g5
9. h3 Bg7 10. c4 Nb4 11. Bb1 O-O-O 12. a3 Nc6 13. b4 Na7 14. cxd5 Bb5 15. Re1 h5
16. dxe6 fxe6 17. Be4 g4 18. Nh2 gxh3 19. g3 Rxd4 20. Bb2 Rd8 21. Qc2 Qg5 22.
Ndf3 Qh6 23. Rac1 Rd7 24. a4 Bc6 25. Bxc6 Nxc6 26. b5 Nb4 27. Qc4 Nd3 28. Rcd1
Nxb2 29. Qc5 Nxd1 30. Qa7 Kd8 31. Qb8+ Ke7 32. Nh4 Nc3 33. Qxb7 axb5 34. axb5
Nd5 35. Qc6 Ke8 36. Ra1 Nge7 37. Ra8+ Nc8 38. Rxc8+ Ke7 39. Qc5+ Kf7 40. Rxh8
Qxh8 41. N2f3 Bh6 42. Qc6 Re7 43. Kh2 Qg7 44. Qc4 Bg5 45. Kxh3 Bxh4 46. Nxh4
Qg4+ 0-1

[Event "AUTO-OPEN-2929"]
[Site "http://www.queenalice.com/game.php?id=1156311"]
[Date "2013.2.28"]
[Round "1"]
[White "bienopia"]
[Black "Ivanov32"]
[Result "1-0"]
[WhiteElo "1763"]
[BlackElo "1096"]

1. d4 Nf6 2. f4 c5 3. d5 d6 4. Nc3 e5 5. e4 Bg4 6. Nf3 a6 7. a3 Qa5 8. Bd2 Nbd7
9. f5 Be7 10. Bc4 Qc7 11. Qe2 b5 12. Ba2 c4 13. h3 Bxf3 14. gxf3 Nc5 15. Be3
Nfd7 16. h4 h6 17. f4 exf4 18. Bxf4 Bf6 19. Bd2 O-O-O 20. Rb1 Rhe8 21. Bf4 Bxc3+
22. Kf1 1-0

[Event "AUTO-OPEN-2929"]
[Site "http://www.queenalice.com/game.php?id=1156312"]
[Date "2013.2.28"]
[Round "1"]
[White "Ivanov32"]
[Black "bienopia"]
[Result "0-1"]
[WhiteElo "1094"]
[BlackElo "1765"]

1. c4 h6 2. Nc3 a6 3. e4 e6 4. d4 c6 5. Nf3 d5 6. cxd5 exd5 7. e5 Bg4 8. h3 Bh5
9. g4 Bg6 10. Bg2 Nd7 11. Qb3 Qc7 12. Bf4 b6 13. Bg3 Qb7 14. O-O f5 15. e6 Ndf6
16. Ne5 Ne7 17. Nxg6 Nxg6 18. gxf5 Ne7 19. Qc2 O-O-O 20. b4 g5 21. a4 Bg7 22. b5
a5 0-1

[Event "AUTO-OPEN-2929"]
[Site "http://www.queenalice.com/game.php?id=1156313"]
[Date "2013.2.28"]
[Round "1"]
[White "bienopia"]
[Black "slashberg"]
[Result "0-1"]
[WhiteElo "1768"]
[BlackElo "1444"]

1. d4 Nc6 2. a3 d5 3. f4 Bf5 4. Nc3 e6 5. e3 Nf6 6. Nf3 Bg4 7. Bd3 a5 8. Qe2 Bd6
9. Bd2 Qe7 10. Qf2 Bf5 11. Bxf5 exf5 12. O-O-O a4 13. Nb5 Na7 14. Nxd6+ cxd6 15.
Rde1 Rc8 16. h3 Ne4 17. Qg1 Ng3 18. Rh2 Qc7 19. c3 Qb6 20. Qf2 Ne4 21. Qe2 Qb3
22. Kb1 O-O 23. Rc1 Nb5 24. g4 Nxa3+ 25. Ka1 Nc4 26. Be1 a3 27. gxf5 axb2+ 28.
Kb1 Na3# 0-1

[Event "AUTO-OPEN-2929"]
[Site "http://www.queenalice.com/game.php?id=1156314"]
[Date "2013.2.28"]
[Round "1"]
[White "slashberg"]
[Black "bienopia"]
[Result "1-0"]
[WhiteElo "1590"]
[BlackElo "1748"]

1. e4 a6 2. Nf3 h6 3. d4 e6 4. e5 c6 5. Na3 d5 6. c4 Ne7 7. b3 g5 8. h3 Nf5 9.
g4 Ne7 10. h4 gxh4 11. Nxh4 Nd7 12. c5 Bg7 13. Qd3 Nf8 14. Bd2 Bd7 15. f4 Neg6
16. f5 Nxh4 17. f6 Bxf6 18. exf6 Qxf6 19. O-O-O Nf3 20. Nc2 Nxd2 21. Qxd2 O-O-O
22. Be2 Ng6 23. Rxh6 Rxh6 24. Qxh6 Rh8 25. Rf1 Qxf1+ 26. Bxf1 Rxh6 27. Bd3 Nf4
28. g5 Nxd3+ 29. Kd2 Rh3 30. Ne3 Nf4 31. a4 Rg3 32. b4 Rxg5 33. Kc2 Rg3 34. Nf1
Ra3 35. a5 Ne2 36. Kb2 Rd3 37. Kc2 Rxd4 38. Kb3 e5 39. Ng3 Rd3+ 40. Kc2 Rxg3 41.
b5 axb5 42. a6 Nd4+ 43. Kd2 f5 44. a7 Ra3 45. a8=Q+ Kc7 46. Qxa3 Ne6 47. Qc3 e4
48. Qe5+ Kc8 49. Qxf5 Nxc5 50. Qf8+ Kc7 51. Qxc5 b6 52. Qd4 Be6 53. Qe5+ Kd7 54.
Ke3 b4 55. Qg7+ Kd6 56. Qf8+ Kc7 57. Qxb4 b5 58. Kd4 Bd7 59. Qa5+ Kd6 60. Qb4+
Kc7 61. Kc5 Kd8 62. Kd6 Ke8 63. Qd2 Kd8 64. Qg5+ Kc8 65. Qe7 b4 66. Qxd7+ Kb8
67. Kxc6 1-0

[Event "OS INCLIVEIS"]
[Site "http://www.queenalice.com/game.php?id=1176191"]
[Date "2013.4.28"]
[Round "-"]
[White "adelio"]
[Black "bienopia"]
[Result "0-1"]
[WhiteElo "1740"]
[BlackElo "1767"]

1. d4 h6 2. e4 a6 3. c4 e6 4. Nf3 c6 5. a3 d5 6. e5 Nd7 7. c5 Be7 8. h4 Nf8 9.
Ra2 Bd7 10. b4 Nh7 11. g4 Qc7 12. h5 g5 13. hxg6 fxg6 14. Bxh6 Nxh6 15. Rxh6 g5
16. Qd3 O-O-O 17. Rxh7 Rxh7 18. Qxh7 Re8 19. Qc2 Rf8 20. Nbd2 Be8 21. a4 Bd8 22.
a5 Qf7 23. Be2 Qf4 24. Rb2 Qxg4 25. Qa4 Qf4 26. Bxa6 bxa6 27. b5 cxb5 28. Qc2 g4
29. c6 gxf3 30. Qc5 Rh8 31. Qc2 Bxa5 32. Qd3 Bxd2+ 33. Rxd2 Rh1+ 34. Qf1 Rxf1+
35. Kxf1 Qxd2 36. Kg1 Qh6 37. c7 Qg6+ 38. Kh1 Qg2# 0-1

[Event "AUTO-ADV-2773"]
[Site "http://www.queenalice.com/game.php?id=1179655"]
[Date "2013.5.8"]
[Round "2"]
[White "bienopia"]
[Black "Ridigroll"]
[Result "0-1"]
[WhiteElo "1766"]
[BlackElo "2136"]

1. d4 d5 2. f4 Bf5 3. e3 Nf6 4. Bd3 Bxd3 5. Qxd3 e6 6. a3 Nbd7 7. Nf3 c5 8. Nc3
Bd6 9. Bd2 Qb6 10. b3 Rc8 11. Na4 Qc6 12. Ne5 Bxe5 13. fxe5 Ne4 14. c3 c4 15.
Qc2 cxb3 16. Qxb3 O-O 17. Ra2 f6 18. O-O fxe5 19. Be1 Rxf1+ 20. Kxf1 Rf8+ 21.
Kg1 exd4 22. cxd4 b6 23. Rc2 Qd6 24. Nb2 Rf5 25. Nd1 Rh5 26. g3 Rf5 27. Nf2 Nxf2
28. Bxf2 Nf6 29. Qa4 h5 30. Qxa7 h4 31. Rc8+ Kh7 32. Qa8 Ne4 33. Rh8+ Kg6 34.
Qe8+ Rf7 35. Be1 hxg3 36. hxg3 Qe7 37. Qg8 Nf6 38. Qc8 Qc7 39. Qxe6 Qc1 40. Kf1
Qd1 41. Rh4 Qf3+ 42. Bf2 Rc7 43. Rg4+ Qxg4 44. Qxb6 Rc1+ 45. Kg2 Qe4+ 0-1

[Event "AUTO-ADV-2773"]
[Site "http://www.queenalice.com/game.php?id=1179656"]
[Date "2013.5.8"]
[Round "2"]
[White "Ridigroll"]
[Black "bienopia"]
[Result "1-0"]
[WhiteElo "2114"]
[BlackElo "1784"]

1. e4 a6 2. d4 h6 3. Nf3 e6 4. Bd3 d5 5. e5 Nc6 6. O-O Bd7 7. Nbd2 Bb4 8. c3 Ba5
9. Re1 Bb6 10. Nf1 Qe7 11. h3 g5 12. N3h2 h5 13. f4 gxf4 14. Bxf4 O-O-O 15. Qd2
f5 16. Bg5 Qg7 17. Bxd8 Nxd8 18. Re3 Nf7 19. Rg3 Qxe5 20. Re1 Qd6 21. Rg7 Ngh6
22. Kh1 c6 23. Qf2 Bd8 24. Qg3 Qf8 25. Rg6 Nd6 26. Rgxe6 Bxe6 27. Rxe6 Bc7 28.
Qg6 Ne4 29. Bxe4 fxe4 30. Rf6 Qd8 31. Ne3 Bxh2 32. Kxh2 Qc7+ 33. Qg3 Qb6 34. Qd6
Qc7 35. Qxc7+ Kxc7 36. Kg3 Ng8 37. Rf8 h4+ 38. Kf4 b6 39. Ng4 Kd6 40. Ne5 Ke6
41. Rc8 c5 42. Rc6+ Ke7 43. Rxb6 cxd4 44. Ng6+ Kd7 45. Nxh8 d3 46. Ke3 Ne7 47.
Rxa6 Nf5+ 48. Kd2 Nd6 49. Rxd6+ Kxd6 50. Ng6 Kc5 51. Nxh4 d4 52. Nf5 dxc3+ 53.
bxc3 Kc4 54. Ne3+ Kb5 55. h4 1-0

[Event "AUTO-ADV-2849"]
[Site "http://www.queenalice.com/game.php?id=1181553"]
[Date "2013.5.15"]
[Round "1"]
[White "vindaloo"]
[Black "bienopia"]
[Result "1-0"]
[WhiteElo "1814"]
[BlackElo "1781"]

1. e4 a6 2. Nf3 h6 3. c4 e6 4. a3 c6 5. b4 d5 6. exd5 exd5 7. Nc3 Bg4 8. Be2
Bxf3 9. Bxf3 dxc4 10. O-O Nd7 11. Re1+ Ne7 12. a4 Nf6 13. Qe2 Qd4 14. Ba3 O-O-O
15. b5 a5 16. Red1 c5 17. b6 Ned5 18. Nxd5 Nxd5 19. Rab1 Bd6 20. g3 Rde8 21. Qf1
Nb4 22. Bb2 Qd3 23. Qh3+ Kb8 24. Qg2 Re7 25. Bxg7 Rh7 26. Bf6 Rd7 27. Re1 Be7
28. Bxe7 f5 29. Bxc5 Na6 30. Be3 h5 31. Rb5 h4 32. Bf4+ Kc8 33. Re8+ Rd8 34.
Bxb7+ Rxb7 35. Qc6+ Nc7 36. Bxc7 1-0

[Event "AUTO-ADV-2849"]
[Site "http://www.queenalice.com/game.php?id=1181554"]
[Date "2013.5.15"]
[Round "1"]
[White "bienopia"]
[Black "vindaloo"]
[Result "0-1"]
[WhiteElo "1782"]
[BlackElo "1888"]

1. d4 d5 2. f4 Nc6 3. Nf3 e6 4. a3 Nf6 5. e3 Bd6 6. Bd3 h6 7. Nc3 O-O 8. Ne5 a5
9. Qf3 Ne7 10. Bd2 c5 11. Ng4 Nxg4 12. Qxg4 cxd4 13. exd4 e5 14. Qh4 exd4 15.
Na2 Nf5 16. Qxd8 Rxd8 17. O-O-O Bd7 18. Kb1 b5 19. g3 Rdb8 20. Rhe1 Ne7 0-1

[Event "AUTO-ADV-2849"]
[Site "http://www.queenalice.com/game.php?id=1181567"]
[Date "2013.5.15"]
[Round "1"]
[White "bienopia"]
[Black "jamba"]
[Result "1-0"]
[WhiteElo "1770"]
[BlackElo "1589"]

1. d4 d5 2. f4 e6 3. a3 Nf6 4. e3 Nc6 5. Bd3 g6 6. Nc3 Bg7 7. Bd2 O-O 8. Qe2 Bd7
9. h3 h5 10. g4 hxg4 11. hxg4 Qe7 12. f5 exf5 13. gxf5 Bxf5 14. Bxf5 gxf5 15.
Qh2 Ng4 16. Qh7# 1-0

[Event "AUTO-ADV-2849"]
[Site "http://www.queenalice.com/game.php?id=1181568"]
[Date "2013.5.15"]
[Round "1"]
[White "jamba"]
[Black "bienopia"]
[Result "1/2-1/2"]
[WhiteElo "1527"]
[BlackElo "1781"]

1. d4 h6 2. e3 a6 3. Bd3 d5 4. f4 e6 5. a3 c6 6. Nf3 Nd7 7. g4 Bd6 8. f5 Ndf6 9.
g5 Ne4 10. gxh6 exf5 11. hxg7 Rh7 12. Rg1 Qa5+ 13. b4 Bxb4+ 14. c3 Bxc3+ 15.
Nxc3 Qxc3+ 16. Bd2 Qxd3 17. Ne5 Rxh2 18. Nxd3 Rxd2 19. Qxd2 Nxd2 20. Kxd2 Be6
21. Nc5 O-O-O 22. Rab1 b6 23. Rxb6 Kc7 24. Rxa6 Bc8 25. Ra7+ Kd6 26. Nb7+ Bxb7
27. Rxb7 f6 28. Rf1 Rd7 29. Rxd7+ Kxd7 30. Rxf5 Ke6 31. Rh5 Kf7 32. Rh7 Kg6 33.
Rh1 Kxg7 34. Rc1 Ne7 35. a4 Kf7 36. a5 Ke6 37. a6 Nc8 38. Rxc6+ Kd7 39. Rxf6 Kc7
40. Rf7+ Kb6 41. Rf6+ Ka7 42. Rc6 Nb6 43. Kd3 Kxa6 44. e4 dxe4+ 45. Kxe4 Kb5 46.
Rc5+ Ka6 47. Rc6 Kb7 48. Rc5 Nd7 49. Rb5+ Kc6 50. Rd5 Nf6+ 51. Kf5 Nxd5 52. Ke5
Nc3 53. d5+ Nxd5 54. Ke4 1/2-1/2

[Event "AUTO-ADV-2849"]
[Site "http://www.queenalice.com/game.php?id=1181569"]
[Date "2013.5.15"]
[Round "1"]
[White "bienopia"]
[Black "worldwide"]
[Result "1-0"]
[WhiteElo "1766"]
[BlackElo "1743"]

1. d4 d5 2. f4 Bf5 3. Nc3 Nf6 4. e3 e6 5. a3 Nc6 6. Bd3 Ne4 7. Bd2 Qh4+ 8. g3
Nxg3 9. Nf3 Qh6 10. Rg1 Ne4 11. Qe2 Nxd2 12. Qxd2 Bxd3 13. Qxd3 Bd6 14. Nb5
O-O-O 15. O-O-O Be7 16. Ne5 Nxe5 17. fxe5 a6 18. Nc3 Rhf8 19. Kb1 f6 20. exf6
Bxf6 21. Na4 e5 22. Nc5 e4 23. Qb3 b6 24. Ne6 Bxd4 25. Nxf8 Bxe3 26. Rgf1 Bc5
27. Rf7 Bxf8 28. Rxd5 Qh4 29. Rxd8+ Qxd8 30. Qc4 Kb7 31. Qxe4+ Kb8 32. Qc6 h6
33. Rd7 Qc8 34. Qd5 Bd6 35. Rxg7 Qh3 36. Rg8+ 1-0

[Event "AUTO-ADV-2849"]
[Site "http://www.queenalice.com/game.php?id=1181570"]
[Date "2013.5.15"]
[Round "1"]
[White "worldwide"]
[Black "bienopia"]
[Result "1-0"]
[WhiteElo "1783"]
[BlackElo "1752"]

1. Nf3 h6 2. g3 d5 3. d4 Bg4 4. Bg2 Nc6 5. Nbd2 Nf6 6. O-O Qc8 7. b3 Bh3 8. Bb2
Bxg2 9. Kxg2 g5 10. c4 e6 11. c5 Qd7 12. a4 Be7 13. Ba3 Nh7 14. b4 Bf6 15. Nb3
Ne7 16. b5 c6 17. bxc6 Nxc6 18. Qd3 h5 19. e4 dxe4 20. Qxe4 O-O-O 21. Rad1 g4
22. Ne5 Qe8 23. Nxc6 Qxc6 24. Qxc6+ bxc6 25. Bb2 Rhg8 26. Na5 Kc7 27. Rd3 Ng5
28. Rb3 Bxd4 29. Rb7+ Kc8 30. Bxd4 Rxd4 31. Rxa7 Rxa4 32. Ra8+ Kd7 33. Rxg8 Ne4
34. Rd1+ Kc7 35. Nb3 Ra2 36. Rf1 Rb2 37. Nd4 Nxc5 38. Rg5 Ne4 39. Rxh5 c5 40.
Re5 Nf6 41. Rxc5+ Kd6 42. Rc6+ Kd5 43. Rc2 Rb4 44. Nc6 Ra4 45. Rd1+ Ke4 46. Ne7
Ke5 47. Re2+ Ne4 48. f3 gxf3+ 49. Kxf3 f5 50. Nc6+ Kf6 51. Rde1 Ng5+ 52. Kg2 Ra8
53. Nd4 Ra6 54. h4 Ne4 55. g4 Ke5 56. Nf3+ Kf4 57. gxf5 exf5 58. Ng5 Nxg5 59.
Rf2+ Kg4 60. hxg5 Kxg5 61. Rg1 f4 62. Kh3+ Kf5 63. Rg4 Ra3+ 64. Kh4 Ra4 65. Rg5+
Ke4 66. Kg4 Ke3 67. Rf3+ Ke2 68. Rxf4 Ra1 69. Kh5 Ke3 70. Rf8 Ke4 71. Rg7 Ke5
72. Re7+ Kd6 73. Re2 Rh1+ 74. Kg6 Rg1+ 75. Kf7 Kd7 76. Re6 Rh1 77. Rfe8 Rh7+ 78.
Kg6 Rh1 79. R8e7+ Kd8 80. Kf7 Rh7+ 81. Kf6 Rh6+ 82. Ke5 Rh1 83. Kd6 Rd1+ 84. Kc5
Rc1+ 85. Kd4 Rd1+ 86. Kc3 Rc1+ 87. Kb2 Rc5 88. Rh7 Rb5+ 89. Kc3 Rc5+ 90. Kb4 Rd5
91. Ra6 Ke8 92. Ra8+ Rd8 93. Rh8+ 1-0

[Event "Challenge"]
[Site "http://www.queenalice.com/game.php?id=1187472"]
[Date "2013.6.3"]
[Round "-"]
[White "Zoe"]
[Black "bienopia"]
[Result "0-1"]
[WhiteElo "1844"]
[BlackElo "1732"]

1. d4 h6 2. Nf3 d5 3. e3 Bg4 4. h3 Bd7 5. Bd3 a6 6. O-O e6 7. Nbd2 Nc6 8. e4 Qe7
9. a3 g5 10. exd5 exd5 11. Re1 Be6 12. Bf5 Qf6 13. Bxe6 fxe6 14. Ne5 Nxe5 15.
Qh5+ Ng6 16. Nf3 O-O-O 17. b4 N8e7 18. Qg4 Rd6 19. a4 Kb8 20. b5 a5 21. Ba3 Rd7
22. Rxe6 Qf4 23. Nh2 Qxg4 24. Nxg4 Bg7 25. Rae1 Re8 26. Ne3 Nf4 27. Nf5 Nxe6 28.
Rxe6 Bf8 29. c3 Kc8 30. Ng3 Kd8 31. Nh5 Ng8 32. Rxe8+ Kxe8 33. Bc1 Re7 34. Be3
Kd7 35. Kh2 c6 36. b6 Rf7 37. g3 Ne7 38. g4 Nc8 0-1

[Event "Challenge"]
[Site "http://www.queenalice.com/game.php?id=1187473"]
[Date "2013.6.3"]
[Round "-"]
[White "bienopia"]
[Black "Zoe"]
[Result "0-1"]
[WhiteElo "1752"]
[BlackElo "1900"]

1. d4 Nf6 2. f4 d5 3. Nf3 Bf5 4. e3 e6 5. Bd3 c5 6. Bxf5 exf5 7. Nc3 Be7 8. Qe2
O-O 9. a3 Re8 10. Bd2 Qb6 11. O-O-O cxd4 12. Nxd4 g6 13. Nb1 Ne4 14. Be1 Nc6 15.
Nb3 Bc5 16. Nxc5 Qxc5 17. Rd3 b5 18. Rb3 a6 19. Nc3 Nxc3 20. Rxc3 Qb6 21. Bf2 d4
22. Rd3 Rad8 23. Qf3 a5 24. g4 fxg4 25. Qg3 b4 26. a4 Qc5 27. b3 Re6 28. Re1 f5
29. Red1 Red6 30. exd4 Nxd4 31. Bxd4 Rxd4 32. Qe3 Rc8 33. Qe6+ Kg7 34. Qd7+ Rxd7
35. Rxd7+ Kh6 36. R1d2 Qe3 37. Kb1 Qxf4 38. R7d5 Rc3 39. Kb2 Rh3 40. R2d4 Qc7
41. Rc4 Qb8 42. Rxa5 Qxh2 43. Rxb4 Qd2 44. Rab5 g3 45. a5 g2 46. Ra4 Qc3+ 47.
Ka3 g1=Q 0-1

[Event "AUTO-ADV-2913"]
[Site "http://www.queenalice.com/game.php?id=1201847"]
[Date "2013.7.22"]
[Round "1"]
[White "Espechess"]
[Black "bienopia"]
[Result "1-0"]
[WhiteElo "2012"]
[BlackElo "1737"]

1. e4 a6 2. d4 h6 3. Nf3 e6 4. Nc3 d5 5. e5 Bb4 6. Bd2 Ba5 7. Bd3 Bb6 8. O-O Nc6
9. Be3 Bd7 10. Ne2 Qe7 11. c4 Ba7 12. Qb3 O-O-O 13. cxd5 exd5 14. Qxd5 Be6 15.
Qe4 Bd5 16. Qg4+ Qd7 17. Bf5 Be6 18. Bxe6 fxe6 19. Rac1 g5 20. Rfd1 Qf7 21. Nc3
Kb8 22. Qe4 Qh5 23. h3 Nge7 24. Nh2 Nf5 25. Ng4 Nxe3 26. fxe3 Rdf8 27. Nf6 Qf7
28. Rf1 Qg7 29. Na4 h5 30. Rc3 h4 31. Rb3 Nd8 32. Rc1 c6 33. Qd3 Kc7 34. d5 Rf7
35. dxe6 Nxe6 36. Qd6+ Kc8 37. Qxe6+ Kc7 38. Qd6+ Kc8 39. Nb6+ Bxb6 40. Rxb6 Rc7
41. Qe6+ Kb8 42. Ne8 Qd7 43. Nxc7 Qd2 44. Qxc6 Rf8 45. Qxb7# 1-0

[Event "AUTO-ADV-2913"]
[Site "http://www.queenalice.com/game.php?id=1201848"]
[Date "2013.7.22"]
[Round "1"]
[White "bienopia"]
[Black "Espechess"]
[Result "0-1"]
[WhiteElo "1716"]
[BlackElo "1997"]

1. d4 Nf6 2. f4 b6 3. Nf3 Bb7 4. e3 e6 5. a3 Nc6 6. Bd3 Be7 7. Nc3 d5 8. Bd2 O-O
9. Qe2 h6 10. h3 Re8 11. g4 Nh7 12. O-O-O g6 13. h4 f5 14. Ne5 Nxe5 15. fxe5
Bxh4 16. Qh2 Bg5 17. Rdg1 Qe7 18. gxf5 exf5 19. Ne2 Rac8 20. Nf4 Kg7 21. Be1 Rh8
22. Bh4 Rcf8 23. Bxg5 Nxg5 24. Qg3 Bc8 25. Rh4 Be6 26. Rgh1 Bf7 27. Qg2 c6 28.
e6 Nxe6 29. Bxf5 Nxf4 30. exf4 Qe3+ 31. Kb1 Qxd4 32. Rg1 Qf6 33. Rh5 Rfg8 34.
Bh3 Kf8 35. Re5 Qxf4 36. Re2 Kg7 37. Re7 Qf6 38. Rxa7 Rf8 39. Rf1 Qe5 40. Qf2
Qe8 41. Qxb6 Rh7 42. Rc7 Kg8 43. Bd7 Qe2 44. Rf2 Qe1+ 45. Ka2 d4+ 46. Rxf7 Rhxf7
47. Qxd4 Rd8 48. Qc4 Qe7 49. Rxc6 Rxd7 50. Rxg6+ Kh7 51. Re6 Qg5 52. Qe4+ Kg7
53. Re5 Qg6 54. Qe2 Rf6 55. Rc5 Qf7+ 56. b3 Re7 57. Qg2+ Kh7 58. Qd2 Rf2 59.
Qd3+ Qg6 60. Qd1 Ref7 61. a4 Rf1 62. Qd4 Qf6 63. Re5 Rf5 64. Re4 Qxd4 65. Rxd4
Rc7 66. c4 Rf2+ 67. Ka3 Rf3 68. a5 Rb7 69. Ka4 Rfxb3 70. a6 R7b4+ 71. Ka5 Rb8
72. Rd7+ Kg8 73. Ka4 Rb1 0-1

[Event "AUTO-ADV-2913"]
[Site "http://www.queenalice.com/game.php?id=1201861"]
[Date "2013.7.22"]
[Round "1"]
[White "bienopia"]
[Black "TIKAR"]
[Result "0-1"]
[WhiteElo "1696"]
[BlackElo "1739"]

1. d4 d5 2. f4 g6 3. Nf3 Nc6 4. a3 Bf5 5. e3 e6 6. Nc3 Nf6 7. Bd2 Nh5 8. Bd3 Bg4
9. Qe2 Bd6 10. Qf2 Be7 11. Ne2 Bxf3 12. Qxf3 a6 13. g3 Nf6 14. Nc3 Qd7 15. Na2
Ne4 16. Bxe4 dxe4 17. Qxe4 f5 18. Qf3 O-O-O 0-1

[Event "AUTO-ADV-2913"]
[Site "http://www.queenalice.com/game.php?id=1201862"]
[Date "2013.7.22"]
[Round "1"]
[White "TIKAR"]
[Black "bienopia"]
[Result "1-0"]
[WhiteElo "1724"]
[BlackElo "1711"]

1. e4 a6 2. d4 h6 3. Nf3 e6 4. e5 Bb4+ 5. c3 Ba5 6. Bd3 Bb6 7. b3 Ba7 8. O-O Nc6
9. Na3 b6 10. Nc4 Qe7 11. Ba3 Qd8 12. Be4 Bb7 13. d5 Nce7 14. Ne3 exd5 15. Nxd5
Bxd5 16. Bxd5 c6 17. Be4 Qc7 18. h3 1-0

[Event "AUTO-ADV-2913"]
[Site "http://www.queenalice.com/game.php?id=1201863"]
[Date "2013.7.22"]
[Round "1"]
[White "bienopia"]
[Black "kasparosaure"]
[Result "0-1"]
[WhiteElo "1727"]
[BlackElo "1840"]

1. d4 e6 2. a3 c5 3. e3 d5 4. Nc3 Nc6 5. Nf3 Nf6 6. Be2 a6 7. Bd2 Bd6 8. Na2 O-O
9. c3 Ne4 10. Qc2 h6 11. h4 Bd7 12. Bd3 f5 13. dxc5 Nxc5 14. O-O-O Nxd3+ 15.
Qxd3 Na5 16. Kb1 Nc4 17. Bc1 Qb6 18. Ka1 Ba4 19. Rde1 Rfc8 20. Nd4 Be7 21. Nxf5
exf5 22. Qxd5+ Kh8 23. Qxf5 Rc5 24. Qe4 Bf6 25. g4 Bc6 26. Qg6 Bxh1 27. Rxh1 Ne5
28. Qe4 Qc6 29. Qxc6 bxc6 0-1

[Event "AUTO-ADV-2913"]
[Site "http://www.queenalice.com/game.php?id=1201864"]
[Date "2013.7.22"]
[Round "1"]
[White "kasparosaure"]
[Black "bienopia"]
[Result "1-0"]
[WhiteElo "1774"]
[BlackElo "1742"]

1. d4 h6 2. Nf3 e6 3. Bf4 d5 4. Nbd2 Nc6 5. e3 a6 6. Bd3 Nf6 7. c3 Bd6 8. Bxd6
Qxd6 9. O-O Bd7 10. Re1 g5 11. h3 g4 12. hxg4 Nxg4 13. e4 O-O-O 14. exd5 f5 15.
dxc6 Bxc6 16. Qb3 Bd5 17. c4 Bxf3 18. Nxf3 Rdg8 19. Ne5 Qxd4 20. Nf3 Nxf2 21.
Nxd4 Nh3+ 22. Kh2 Nf4 23. Bf1 Rg6 24. c5 Re8 25. Nxf5 Rf8 26. Ne7+ Kb8 27. Nxg6
Nxg6 28. Bxa6 1-0